Determinar las ampacidades límites de los conductores de media tensión, para redes subterráneas, por medio del análisis térmico
Đã lưu trong:
| Tác giả chính: | |
|---|---|
| Định dạng: | Sách |
| Được phát hành: |
[San José, Costa Rica]
2010
|
| Những chủ đề: | |
| Các nhãn: |
Thêm thẻ
Không có thẻ, Là người đầu tiên thẻ bản ghi này!
|
MARC
| LEADER | 00000nam a2200000Ia 4500 | ||
|---|---|---|---|
| 003 | 010466 | ||
| 005 | 20221231144029.0 | ||
| 008 | 140114s2010 cr a 000 | s d | ||
| 040 | |c cru CEDI | ||
| 090 | |a TFG 6349 | ||
| 100 | |a Vega Castro, Natalia |9 2620 | ||
| 245 | |a Determinar las ampacidades límites de los conductores de media tensión, para redes subterráneas, por medio del análisis térmico | ||
| 260 | |c 2010 |b [San José, Costa Rica] | ||
| 300 | |a xvii, 205 hojas : ilustraciones (algunas a color) + 1 disco óptico de computador (4 3/4 plg.) | ||
| 500 | |a "IE - 0502 Proyecto Eléctrico"-Proyecto de graduación (bachillerato en ingeniería eléctrica)--Universidad de Costa Rica. Facultad de Ingeniería. Escuela de Ingeniería Eléctrica, 2010 | ||
| 650 | |x DISTRIBUCION DE ENERGIA ELECTRICA |x LINEAS ELECTRICAS SUBTERRANEAS |x SISTEMAS DE ENERGIA ELECTRICA |x CONDUCTORES ELECTRICOS |z CONDUCTORES ELECTRICOS |9 2621 | ||
| 942 | |c TFG | ||
| 999 | |c 15856 |d 15856 | ||
